<?xml version="1.0" encoding="UTF-8"?>
<record
    xmlns:xsi="http://www.w3.org/2001/XMLSchema-instance"
    xsi:schemaLocation="http://www.loc.gov/MARC21/slim http://www.loc.gov/standards/marcxml/schema/MARC21slim.xsd"
    xmlns="http://www.loc.gov/MARC21/slim">

  <leader>00341    a2200109   4500</leader>
  <controlfield tag="001">ART_4720</controlfield>
  <controlfield tag="005">20260410161824.0</controlfield>
  <controlfield tag="008">260409a                                 </controlfield>
  <datafield tag="245" ind1="1" ind2="0">
    <subfield code="a">relaci&#xF3;n entre formaci&#xF3;n y empleo</subfield>
  </datafield>
  <datafield tag="100" ind1="1" ind2=" ">
    <subfield code="a">S&#xE1;ez, Felipe</subfield>
  </datafield>
  <datafield tag="773" ind1="0" ind2=" ">
    <subfield code="t">Revista de trabajo</subfield>
    <subfield code="g">Formaci&#xF3;n profesional - A&#xF1;o 1, N&#xBA; 1 (mar./abr. 1994)</subfield>
    <subfield code="w">REV4713</subfield>
  </datafield>
  <datafield tag="999" ind1=" " ind2=" ">
    <subfield code="c">22603</subfield>
    <subfield code="d">22603</subfield>
  </datafield>
</record>
